000 02159cam a2200481 a 4500
001 sjds465360
003 sjds
005 20200103110042.0
008 110128s2011 txua b 000 1 eng
010 _a 2010054216
020 _a9781558857001
020 _a1558857001
035 _a(OCoLC)704116189
040 _aDLC
_cDLC
_dYDXCP
_dIFA
_dUtOrBLW
041 1 _aeng
_aspa
_heng
049 _aIFAA
099 _aESPANOL PICTURE BOOKS BROWN 2011
100 1 _aBrown, Monica,
_d1969-
_eauthor.
245 1 0 _aClara and the curandera =
_bClara y la curandera /
_cby/por Monica Brown ; illustrations by/illustraciones de Thelma Muraida ; Spanish translation by/ Traduccion al espanol de Gabriela Baeza Ventura.
246 3 1 _aClara y la curandera
260 _aHouston, Tex. :
_bPinata Books/Arte Publico Press,
_c2011.
264 1 _aHouston, Tex. :
_bPinata Books/Arte Publico Press,
_c2011.
300 _a1 volume (unpaged) :
_bcolor illustrations ;
_c23 x 29 cm
336 _atext
_btxt
_2rdacontent
337 _aunmediated
_bn
_2rdamedia
338 _avolume
_bnc
_2rdacarrier
520 _aClara's grumpiness leads her mother to take her to a neighbor who is a curandera, or healer, and although she is puzzled by her "treatment," Clara dutifully helps her neighbors, is kind to her siblings, and reads more books for a week.
526 0 _aAccelerated Reader
_bLG
_c3.6
_d0.5
_z150744
546 _aEnglish and Spanish.
650 0 _aConduct of life
_vJuvenile fiction.
650 0 _aWomen healers
_vJuvenile fiction.
650 0 _aFamilies
_vJuvenile fiction.
650 0 _aSpanish language materials
_xBilingual
_vJuvenile literature.
650 7 _aConducta (Ética)
_vNovela juvenil.
_2bidex
650 7 _aCuranderas (Medicina folklórica)
_vNovela juvenil.
_2bidex
650 7 _aFamilia
_vNovela juvenil.
_2bidex
650 7 _aMateriales bilingües en español
_vLiteratura juvenil.
_2bidex
700 1 2 _aBrown, Monica,
_d1969-
_tClara and the curandera.
_lSpanish.
700 1 2 _aBrown, Monica,
_d1969-
_tClara and the curandera.
_lEnglish.
700 1 _aMuraida, Thelma,
_eillustrator.
700 1 _aVentura, Gabriela Baeza.
942 _cBK
_2ddc
999 _c23503
_d23503